| 000 | 00796nam a2200265Ia 4500 | ||
|---|---|---|---|
| 003 | OSt | ||
| 005 | 20220924115814.0 | ||
| 006 | a|||||r|||| 00| 0 | ||
| 007 | ta | ||
| 008 | 220923b |||||||| |||| 00| 0 urd d | ||
| 020 | _a9789350734520 (hbk) | ||
| 020 | _c350 | ||
| 024 | _a290024 | ||
| 037 |
_b4686, 09/03/2016, Kitabi Duniya _cTextual |
||
| 040 |
_aARTS _cARTS _burd |
||
| 041 |
_2urd _aurd |
||
| 082 | _aO168,1M76x, Q5 | ||
| 100 |
_aIqbal Allama Cm. _9179652 |
||
| 245 | 0 | _aKulliyat-e-Iqbal: matan, urdu tarjuma, tashreeh | |
| 260 |
_aDelhi _bEducational Publishing House India _c2015 |
||
| 300 |
_a906p. _ccm. |
||
| 650 | _aIQBAL | ||
| 942 |
_hO168,1M76x, Q5 _cTEXL _2CC |
||
| 999 |
_c399960 _d399960 |
||